000
00339pam a2200157a 44500
008
230515b1999 xxu||||| |||| 00| 0 eng d
020
_a
0-07-451647
041
_a
ENG
082
_a
691
100
_a
GHOSE D.N.
245
_a
MATERIALS OF CONSTRUCTION
250
_a
0
260
_a
NULL
_b
NULL
_c
1999
300
_a
296
650
_a
NULL
999
_c
476659
_d
476659